[Event "Titled Tue 17th Jun Late"]
[Site "chess.com INT"]
[Date "2025.06.17"]
[Round "3"]
[White "Mulawa, Cyprian"]
[Black "Oro, Faustino"]
[Result "0-1"]
[WhiteTitle "FM"]
[BlackTitle "IM"]
[WhiteElo "2324"]
[BlackElo "2465"]
[WhiteFideId "21001855"]
[BlackFideId "20000197"]
[EventDate "2025.06.17"]

1. e4 e5 2. Nf3 Nc6 3. d4 exd4 4. Nxd4 Qf6 5. Be3 Bc5 6. c3 Nge7 7. Bb5 Bb6 8.
O-O O-O 9. a4 a6 10. Be2 d5 11. Nxc6 Qxc6 12. exd5 Nxd5 13. Bxb6 Nxb6 14. Nd2
Bf5 15. Bf3 Qg6 16. Bxb7 Rad8 17. Qc1 Nd7 18. Nf3 Nc5 19. Nh4 Qg4 20. Nxf5 Qxf5
21. Bf3 Nb3 22. Qb1 Qf6 23. Qe4 Nxa1 24. Rxa1 Rfe8 25. Qb7 Qb6 26. a5 Qd6 27. g3
g6 28. Rd1 Qc5 29. Rxd8 Rxd8 30. Qxa6 Rd2 31. Be2 Rxb2 32. Kf1 Kg7 33. Qd3 Rb3
34. Qd4+ Qxd4 35. cxd4 Rb4 36. d5 Kf6 37. a6 Ra4 38. Bb5 Ra5 39. Bc4 Ke5 40. Ke2
Kd4 41. d6 cxd6 42. Bxf7 Rxa6 43. Kf3 Ra7 44. Bg8 Rg7 45. Ba2 Re7 46. Kg4 Re2 0-1

[Event "Titled Tue 17th Jun Late"]
[Site "chess.com INT"]
[Date "2025.06.17"]
[Round "3"]
[White "Ratkovic, Miloje"]
[Black "Amar, Elham"]
[Result "0-1"]
[WhiteTitle "GM"]
[BlackTitle "GM"]
[WhiteElo "2489"]
[BlackElo "2589"]
[WhiteFideId "914517"]
[BlackFideId "1533533"]
[EventDate "2025.06.17"]

1. Nf3 Nf6 2. g3 g6 3. Bg2 Bg7 4. O-O O-O 5. d4 d6 6. c4 Nbd7 7. Nc3 e5 8. h3
Re8 9. e4 c6 10. Be3 Qe7 11. d5 a5 12. Nd2 Nc5 13. Qc2 h6 14. Rae1 cxd5 15. cxd5
b6 16. Nb5 Bd7 17. a4 Rec8 18. Nc4 Ncxe4 19. Bxe4 Nxe4 20. Qxe4 Bf5 21. Qg2 Rxc4
22. Rc1 Rxa4 23. Rc7 Qd8 24. Rfc1 Rb4 25. Na7 Rxb2 26. g4 Bd7 27. Rb7 Be8 28.
Rcc7 a4 29. g5 a3 30. Qf3 e4 31. Qxf7+ Bxf7 32. Rxf7 Qf8 33. Rxf8+ Rxf8 34. gxh6
Be5 35. Nc6 a2 36. Ne7+ Kf7 37. Nf5+ Kf6 0-1

[Event "Titled Tue 17th Jun Late"]
[Site "chess.com INT"]
[Date "2025.06.17"]
[Round "3"]
[White "Caprio, Guido"]
[Black "Akkara, Omer"]
[Result "1-0"]
[WhiteTitle "IM"]
[BlackTitle "CM"]
[WhiteElo "2435"]
[BlackElo "2036"]
[WhiteFideId "834580"]
[BlackFideId "26319802"]
[EventDate "2025.06.17"]

1. d4 Nf6 2. c4 e6 3. Nc3 d5 4. cxd5 exd5 5. Bg5 Be7 6. e3 c6 7. Bd3 h6 8. Bh4
Qb6 9. Qc2 Be6 10. Nge2 Nbd7 11. O-O Qd8 12. f3 O-O 13. Bf2 a6 14. Rad1 Qc8 15.
Nf4 Bd6 16. Bg3 Qc7 17. Nce2 Rae8 18. e4 dxe4 19. fxe4 Ng4 20. Qc1 Bxa2 21. e5
Ndxe5 22. dxe5 Qb6+ 23. Kh1 Bxe5 24. Nc3 Bxc3 25. bxc3 Bd5 26. c4 Be4 27. c5 Qb4
28. Bc4 Bxg2+ 29. Nxg2 Kh8 30. Bd6 Rg8 31. Bxf7 Qe4 32. Bxe8 Rxe8 33. Rde1 Qg6
34. Nh4 1-0

[Event "Titled Tue 17th Jun Late"]
[Site "chess.com INT"]
[Date "2025.06.17"]
[Round "3"]
[White "Hofstadler, Mario"]
[Black "Khenkin, Igor"]
[Result "0-1"]
[WhiteTitle "CM"]
[BlackTitle "GM"]
[WhiteElo "2172"]
[BlackElo "2499"]
[WhiteFideId "1660497"]
[BlackFideId "4659600"]
[EventDate "2025.06.17"]

1. e4 c6 2. Nf3 d5 3. d3 Qc7 4. g3 dxe4 5. dxe4 e5 6. Bg2 Nf6 7. Qe2 Bc5 8. O-O
O-O 9. c3 a5 10. Nbd2 b6 11. Rd1 Ba6 12. c4 Ng4 13. Rf1 Re8 14. h3 Nf6 15. Nb3
Bf8 16. Be3 a4 17. Nbd2 Nbd7 18. b3 Bc5 19. Ne1 Bxe3 20. Qxe3 Nc5 21. Nd3 Nxd3
22. Qxd3 Rad8 23. Qc2 Nd7 24. Rfd1 Nc5 25. Nf1 Ne6 26. Ne3 Nd4 27. Qb2 axb3 28.
axb3 Bc8 29. Ra2 Qe7 30. Ra8 Qb4 31. Rb1 Be6 32. Rxd8 Rxd8 33. Nc2 Nxc2 34. Qxc2
Rd2 35. Qc1 Qd6 36. Qf1 g6 37. Qc1 Qd4 38. Qf1 h5 39. h4 Kg7 40. Bf3 Bg4 41. Kg2
Qc3 42. Bxg4 hxg4 43. Rd1 Qf3+ 0-1

[Event "Titled Tue 17th Jun Late"]
[Site "chess.com INT"]
[Date "2025.06.17"]
[Round "3"]
[White "Londono Lopez, Donaldo"]
[Black "Borges, Wagner da Silva"]
[Result "1-0"]
[WhiteTitle "FM"]
[BlackTitle "CM"]
[WhiteElo "2186"]
[BlackElo "2062"]
[WhiteFideId "4462009"]
[BlackFideId "2100401"]
[EventDate "2025.06.17"]

1. e4 c5 2. Nf3 Nc6 3. d4 cxd4 4. Nxd4 g6 5. c4 Bg7 6. Nc2 Nf6 7. Nc3 d6 8. Be2
Bd7 9. O-O O-O 10. Be3 a6 11. Rc1 Rc8 12. b3 Ne5 13. h3 h5 14. f4 Nc6 15. Bf3
Ng4 16. Bd2 Nf6 17. Qe2 e6 18. Rfd1 Qe7 19. Na4 Rcd8 20. Nb6 Bc8 21. Bc3 e5 22.
f5 gxf5 23. Nxc8 Rxc8 24. exf5 e4 25. Re1 Rfe8 26. Bxf6 Qxf6 27. Bxh5 Qxf5 28.
Bg4 Qc5+ 29. Kh1 Rcd8 30. Ne3 Ne5 31. Nd5 Nxg4 32. Qxg4 Qd4 33. Rcd1 Qe5 34.
Rxe4 Qb2 35. Rxe8+ Rxe8 36. Rf1 Re6 37. Qf5 1-0

[Event "Titled Tue 17th Jun Late"]
[Site "chess.com INT"]
[Date "2025.06.17"]
[Round "3"]
[White "Toktomushev, Teimur"]
[Black "Drygalov, Sergey"]
[Result "1-0"]
[WhiteTitle "FM"]
[BlackTitle "GM"]
[WhiteElo "2390"]
[BlackElo "2560"]
[WhiteFideId "14176726"]
[BlackFideId "24171743"]
[EventDate "2025.06.17"]

1. d4 Nf6 2. c4 e6 3. Nf3 d5 4. Nc3 c6 5. e3 Nbd7 6. Qc2 Bd6 7. Bd3 O-O 8. O-O
dxc4 9. Bxc4 b5 10. Bd3 Bb7 11. e4 e5 12. dxe5 Nxe5 13. Nxe5 Bxe5 14. h3 Re8 15.
Be3 a6 16. Rad1 Qe7 17. a4 Rac8 18. Rfe1 b4 19. Nb1 c5 20. Nd2 c4 21. Nxc4 Nxe4
22. Bb6 Bb8 23. f3 Qf6 24. Bxe4 Qf4 25. Bxb7 Qh2+ 26. Kf1 Bg3 27. Bxc8 Bxe1 28.
Rxe1 Rxc8 29. Qf5 Rf8 30. Bc5 Ra8 31. Qe4 Qb8 32. Nb6 1-0

[Event "Titled Tue 17th Jun Late"]
[Site "chess.com INT"]
[Date "2025.06.17"]
[Round "3"]
[White "Calvo Gonzalez, Jose Felix"]
[Black "Shapiro, Daniel"]
[Result "0-1"]
[WhiteTitle "CM"]
[BlackTitle "FM"]
[WhiteElo "2168"]
[BlackElo "2284"]
[WhiteFideId "54505615"]
[BlackFideId "2001780"]
[EventDate "2025.06.17"]

1. e4 c5 2. Nf3 Nc6 3. d4 cxd4 4. Nxd4 Nf6 5. Nc3 d6 6. Bc4 Qb6 7. Nb3 e6 8. O-O
a6 9. Be3 Qc7 10. f4 b5 11. Bd3 Be7 12. Qf3 Bb7 13. Rae1 O-O 14. a3 b4 15. Ne2
e5 16. Ng3 bxa3 17. bxa3 exf4 18. Bxf4 Ne5 19. Bxe5 dxe5 20. Nf5 Bc8 21. Qg3
Bxf5 22. Rxf5 Nd7 23. Ref1 Bxa3 24. Nd2 Bc5+ 25. Kh1 Bb4 26. Nf3 f6 27. Qh3 Rfb8
28. Rh5 Nf8 29. Nh4 a5 30. Nf5 g6 31. Qg3 Kh8 32. Rh6 gxf5 33. Rxf5 Qg7 0-1

[Event "Titled Tue 17th Jun Late"]
[Site "chess.com INT"]
[Date "2025.06.17"]
[Round "3"]
[White "Sheehan, Ethan"]
[Black "Jakubowski, Krzysztof"]
[Result "1-0"]
[BlackTitle "GM"]
[WhiteElo "2364"]
[BlackElo "2448"]
[WhiteFideId "30943965"]
[BlackFideId "1112848"]
[EventDate "2025.06.17"]

1. d4 Nf6 2. Nf3 b6 3. Bf4 Bb7 4. Nbd2 Nh5 5. e3 Nxf4 6. exf4 e6 7. Bd3 d6 8.
O-O Nd7 9. Re1 Be7 10. Qe2 g6 11. g3 O-O 12. f5 gxf5 13. Bxf5 Bf6 14. Bd3 Bg7
15. c3 Re8 16. Bc2 Qf6 17. Ne4 Qh6 18. Neg5 Nf8 19. Bb3 Re7 20. h4 a6 21. Qd3
Rae8 22. Re2 f6 23. Ne4 Kh8 24. Rae1 e5 25. Ned2 Qh5 26. Bc2 d5 27. dxe5 fxe5
28. Qf5 Qxf5 29. Bxf5 e4 30. Ng5 Bh6 31. f3 Re5 32. fxe4 dxe4 33. Nf7+ Kg7 34.
Nxe5 Rxe5 35. Bh3 e3 36. Nc4 1-0

[Event "Titled Tue 17th Jun Late"]
[Site "chess.com INT"]
[Date "2025.06.17"]
[Round "3"]
[White "Lisenkov, Svyatoslav"]
[Black "Rao, Anjaneya Sripathy"]
[Result "1-0"]
[WhiteTitle "CM"]
[BlackTitle "CM"]
[WhiteElo "2283"]
[BlackElo "2217"]
[WhiteFideId "34264183"]
[BlackFideId "30954770"]
[EventDate "2025.06.17"]

1. e4 e6 2. d4 d5 3. exd5 exd5 4. Nf3 Bd6 5. Bd3 Ne7 6. O-O O-O 7. Re1 Bf5 8.
Bg5 f6 9. Bh4 c6 10. Rxe7 Bxd3 11. Rxb7 Bc4 12. Bg3 Re8 13. Bxd6 Qxd6 14. Nbd2
Be2 15. Qc1 Nd7 16. c4 dxc4 17. Nxc4 Qe6 18. Ncd2 Nb6 19. Rc7 Bb5 20. Qc2 Qd6
21. Qb3+ Nd5 22. Rb7 Ba6 23. Nc4 Qe6 24. h3 Bxb7 25. Qxb7 Nf4 26. Ne3 Qe4 27.
Nh2 Rab8 28. Qxa7 Rxb2 29. Nhg4 h5 30. Qa3 Re2 31. Qb3+ Kh7 32. Nxf6+ gxf6 33.
Qf7+ Kh8 34. Qxf6+ Kg8 35. Qg5+ Kf8 36. Nf5 Re1+ 37. Rxe1 Qxe1+ 38. Kh2 Qe7 39.
Nxe7 Rxe7 40. Qxf4+ 1-0

[Event "Titled Tue 17th Jun Late"]
[Site "chess.com INT"]
[Date "2025.06.17"]
[Round "3"]
[White "Hariharan, Shambavi"]
[Black "Melillo, Lucius"]
[Result "1-0"]
[WhiteTitle "WCM"]
[BlackTitle "FM"]
[WhiteElo "1936"]
[BlackElo "2170"]
[WhiteFideId "488160"]
[BlackFideId "30958245"]
[EventDate "2025.06.17"]

1. d4 e6 2. c4 b6 3. Nc3 Bb7 4. Nf3 Bb4 5. Bd2 d6 6. g3 f5 7. Bg2 Nf6 8. Qa4+
Nc6 9. d5 exd5 10. cxd5 Bxc3 11. Bxc3 Nxd5 12. Nd4 Qd7 13. Bxd5 Nxd4 14. Qxd4
Bxd5 15. Qxd5 c6 16. Qd4 O-O 17. O-O Rae8 18. e3 Re4 19. Qd3 d5 20. Rad1 Qe6 21.
Rfe1 Qg6 22. f3 Re6 23. Qd4 Rfe8 24. b4 R8e7 25. Kg2 b5 26. Bb2 Qg5 27. Rd3 Qh5
28. Qf4 Qf7 29. Rc1 h6 30. Qd4 Qg6 31. Rdc3 Qg5 32. f4 Qg4 33. Rxc6 Qe2+ 34. Kh1
Rxe3 35. Qxd5+ Kh7 36. Qxf5+ 1-0

[Event "Titled Tue 17th Jun Late"]
[Site "chess.com INT"]
[Date "2025.06.17"]
[Round "3"]
[White "Levano Loayza, Adriano Jaffet"]
[Black "Fomevor, Cephas Clinton"]
[Result "1-0"]
[WhiteTitle "CM"]
[BlackTitle "CM"]
[WhiteElo "2023"]
[BlackElo "1883"]
[WhiteFideId "3865584"]
[BlackFideId "12601330"]
[EventDate "2025.06.17"]

1. d4 d5 2. c4 c6 3. e3 Nf6 4. Nc3 a6 5. b3 Bf5 6. Bd3 Bxd3 7. Qxd3 e6 8. Nf3
Nbd7 9. O-O g6 10. Bb2 Bg7 11. e4 dxe4 12. Nxe4 O-O 13. Rfe1 Nxe4 14. Qxe4 Nf6
15. Qe2 Qc7 16. Rad1 Rad8 17. h3 c5 18. dxc5 Qxc5 19. Ne5 Qc7 20. h4 Rxd1 21.
Rxd1 Rd8 22. Nd3 Qd7 23. Qf3 Ne8 24. Bxg7 Nxg7 25. Nb2 Qc7 26. Rxd8+ Qxd8 27.
Qxb7 Qd2 28. Qb8+ Ne8 29. Qxe8+ Kg7 30. Na4 Qc1+ 31. Kh2 Qf4+ 32. Kh3 Qf5+ 33.
Kg3 Qe5+ 34. Kf3 Qf5+ 35. Ke3 Qe5+ 36. Kd3 Qf5+ 37. Kc3 Qe5+ 38. Kb4 a5+ 39. Ka3
Qd6+ 40. c5 Qd2 41. Qb5 Qc1+ 42. Nb2 Qc3 43. c6 h6 44. Qb6 g5 45. hxg5 hxg5 46.
Qb5 Kh6 47. Qc4 Qe5 48. Na4 Qe1 49. c7 1-0

[Event "Titled Tue 17th Jun Late"]
[Site "chess.com INT"]
[Date "2025.06.17"]
[Round "3"]
[White "Vaganian, Rafael A"]
[Black "Schnaider, Ilan"]
[Result "0-1"]
[WhiteTitle "GM"]
[BlackTitle "IM"]
[WhiteElo "2449"]
[BlackElo "2388"]
[WhiteFideId "13300016"]
[BlackFideId "169013"]
[EventDate "2025.06.17"]

1. d4 d5 2. c4 dxc4 3. e3 e5 4. Bxc4 Nc6 5. Nf3 e4 6. Nfd2 Qg5 7. Nxe4 Qxg2 8.
Ng3 Qh3 9. Bf1 Qh4 10. Bg2 Bd6 11. Nc3 Bh3 12. Qf3 Bxg2 13. Qxg2 Nge7 14. Bd2
O-O-O 15. O-O-O f5 16. Kb1 Kb8 17. Nb5 f4 18. Ne4 fxe3 19. fxe3 Bb4 20. Bxb4
Nxb4 21. Nc5 Ned5 22. a3 Nc6 23. e4 Ne3 24. Qxg7 Rc8 25. Nd7+ Ka8 26. Nxc7+ Rxc7
27. Qxh8+ Nd8 28. Nf6 Rc8 29. Rc1 Rb8 30. Rhg1 Qxh2 31. Rg8 Qd6 32. d5 a6 33. e5
Qb6 34. Nd7 Qd4 0-1

[Event "Titled Tue 17th Jun Late"]
[Site "chess.com INT"]
[Date "2025.06.17"]
[Round "3"]
[White "Sharankov, Grigory"]
[Black "Bazan Romero, Octavio Aaron"]
[Result "0-1"]
[WhiteTitle "CM"]
[BlackTitle "FM"]
[WhiteElo "2238"]
[BlackElo "2289"]
[WhiteFideId "4168356"]
[BlackFideId "20003943"]
[EventDate "2025.06.17"]

1. e4 Nc6 2. Nf3 d5 3. exd5 Qxd5 4. d4 Bg4 5. Be2 O-O-O 6. c4 Qh5 7. Be3 Nf6 8.
Nbd2 e6 9. Qa4 Bb4 10. O-O-O Qa5 11. Qxa5 Bxa5 12. a3 Bxd2+ 13. Rxd2 Ne4 14.
Rdd1 Nd6 15. b3 Nf5 16. d5 exd5 17. cxd5 Nce7 18. h3 Nxe3 19. fxe3 Bh5 20. e4
Rhe8 21. Bd3 c6 22. dxc6 Nxc6 23. Bc2 Rxd1+ 24. Rxd1 Bg6 25. Re1 Kc7 26. Re3 f6
27. Nh4 Kb6 28. g4 Nd4 29. Kb2 Rc8 30. Bd3 Ne6 31. Nxg6 hxg6 32. e5 Nf4 33. e6
Re8 34. Bc4 Kc7 35. a4 Kd6 36. Re5 fxe5 0-1

[Event "Titled Tue 17th Jun Late"]
[Site "chess.com INT"]
[Date "2025.06.17"]
[Round "3"]
[White "Watanabe, Akira"]
[Black "Dylag, Emilia"]
[Result "0-1"]
[WhiteTitle "FM"]
[BlackTitle "WFM"]
[WhiteElo "2284"]
[BlackElo "2086"]
[WhiteFideId "7000227"]
[BlackFideId "21805172"]
[EventDate "2025.06.17"]

1. d4 d5 2. c4 e6 3. Nf3 Nf6 4. Nc3 Be7 5. Bg5 h6 6. Bh4 O-O 7. e3 b6 8. Bd3 Bb7
9. O-O Nbd7 10. Qe2 c5 11. cxd5 Nxd5 12. Bxe7 Qxe7 13. e4 Nf4 14. Qe3 Nxd3 15.
Qxd3 cxd4 16. Qxd4 Rfd8 17. Qe3 Nc5 18. Rfd1 Rxd1+ 19. Rxd1 Rd8 20. Rxd8+ Qxd8
21. h3 Qd3 22. Qxd3 Nxd3 23. b3 a6 24. Nd2 b5 25. f3 Kf8 26. Kf1 Ke7 27. Ke2
Nf4+ 28. Kf2 b4 29. Na4 Nd3+ 30. Ke3 Nc1 31. Nc5 Bc8 32. Nb1 Nxa2 33. Kd2 Kd6
34. Nd3 a5 35. Nb2 Ba6 36. Nd1 Kc5 37. Ne3 Kd4 38. Nc2+ Kc5 39. Ne3 g6 40. Ng4
h5 41. Ne5 Bf1 42. Nxf7 Bxg2 43. Ng5 e5 44. h4 Bf1 45. Nf7 Kd4 46. Nh8 Nc3 0-1

[Event "Titled Tue 17th Jun Late"]
[Site "chess.com INT"]
[Date "2025.06.17"]
[Round "3"]
[White "Mai, Alexander Oliver"]
[Black "Kodihalli, Kaustubh"]
[Result "1-0"]
[WhiteTitle "CM"]
[WhiteElo "2171"]
[BlackElo "2038"]
[WhiteFideId "2313391"]
[BlackFideId "30956455"]
[EventDate "2025.06.17"]

1. e4 c5 2. Nf3 d6 3. d4 cxd4 4. Nxd4 Nf6 5. Nc3 a6 6. Bg5 e6 7. f4 h6 8. Bh4
Qb6 9. a3 Be7 10. Bf2 Qc7 11. Qf3 Nbd7 12. O-O-O Rb8 13. g4 b5 14. h4 Nc5 15.
Bg2 b4 16. axb4 Rxb4 17. g5 Nfd7 18. Qg3 Kf8 19. f5 Ne5 20. Bh3 Qb7 21. b3 Nxe4
22. Nxe4 Qxe4 23. fxe6 fxe6 24. Rhe1 Qg6 25. Qc3 Rb8 26. Qc7 Ra8 27. Bg2 d5 28.
Rxe5 Qf7 29. Qc6 Bb7 30. Qb6 Qf4+ 31. Re3 Kg8 32. Qxb7 Re8 33. Nxe6 Qxf2 34.
Rde1 Qxg2 35. Qd7 Kf7 36. Nc7 d4 37. Rxe7+ Kg6 38. Qe6+ Kh7 39. Qf5+ Kg8 40.
Rxe8# 1-0

[Event "Titled Tue 17th Jun Late"]
[Site "chess.com INT"]
[Date "2025.06.17"]
[Round "3"]
[White "Ashwath Kaushik"]
[Black "Stankovic, Boris"]
[Result "0-1"]
[WhiteTitle "CM"]
[BlackTitle "FM"]
[WhiteElo "2040"]
[BlackElo "2298"]
[WhiteFideId "33387230"]
[BlackFideId "985317"]
[EventDate "2025.06.17"]

1. e4 c5 2. Nf3 d6 3. d4 cxd4 4. Nxd4 Nf6 5. Nc3 g6 6. Be3 Nc6 7. f3 h5 8. Qd2
Nxd4 9. Bxd4 Bh6 10. Be3 Bxe3 11. Qxe3 Be6 12. O-O-O Qa5 13. a3 Kf8 14. h4 Kg7
15. Be2 Rac8 16. Kb1 Rc7 17. Qd4 Rhc8 18. Rd3 Rc4 19. Qe3 b5 20. e5 dxe5 21.
Qxe5 R8c5 22. Qe3 b4 23. axb4 Rxb4 24. g4 Rxc3 25. Rxc3 Qa2+ 26. Kc1 Qa1+ 27.
Kd2 Qxh1 28. g5 Nd5 29. Qe5+ Kh7 30. Rd3 Qxh4 31. Kd1 Qf4 32. Qxf4 Nxf4 33. Ra3
Nxe2 34. Kxe2 Rxb2 35. Rxa7 Rxc2+ 36. Ke3 Rc3+ 37. Kf4 Rc4+ 38. Kg3 h4+ 39. Kf2
Rc2+ 40. Kg1 h3 41. Ra8 Bd5 42. Rd8 h2+ 43. Kf1 h1=Q# 0-1

[Event "Titled Tue 17th Jun Late"]
[Site "chess.com INT"]
[Date "2025.06.17"]
[Round "3"]
[White "Sethuraman, Roshan"]
[Black "Jiganchine, Roman"]
[Result "1-0"]
[BlackTitle "CM"]
[WhiteElo "2074"]
[BlackElo "2205"]
[WhiteFideId "30965250"]
[BlackFideId "2603667"]
[EventDate "2025.06.17"]

1. e4 e5 2. Nf3 Nc6 3. Bb5 f5 4. d3 fxe4 5. dxe4 Nf6 6. Nc3 Bb4 7. O-O Bxc3 8.
bxc3 O-O 9. Bb2 d6 10. Bc4+ Kh8 11. a4 Qe8 12. Re1 Qg6 13. Kh1 Nxe4 14. Qe2 Nf6
15. Bd3 Qh6 16. Bc1 Qh5 17. Ng5 Ng4 18. h3 Nxf2+ 19. Kg1 Qxe2 20. Bxe2 h6 21.
Nf3 Ne4 22. Nh4 Rf6 23. Bb2 Be6 24. a5 a6 25. Rab1 Nd2 26. Rbd1 Nc4 27. Bc1 Raf8
28. Bf3 N4xa5 29. Be4 Bf7 30. Nf3 Nc4 31. g4 Be6 32. Kg2 a5 33. g5 hxg5 34. Bxg5
Rf4 35. Bxf4 Rxf4 36. Ng5 Bg8 37. Kg3 a4 38. Rf1 Ne3 39. Rfe1 Nxd1 40. Rxd1 a3
41. Ra1 Na5 42. Rxa3 Nc6 43. Ra8 g6 44. Bxg6 Kg7 45. Bd3 Kf6 46. Ne4+ Kg7 47.
Rc8 Rf8 48. Rxc7+ Rf7 49. Rxf7+ Bxf7 50. Nxd6 Bd5 51. Nxb7 e4 52. Be2 Ne5 53.
Nc5 Ng6 54. h4 Ne5 55. h5 Kf6 56. Kf4 Nf7 57. Nxe4+ Ke6 58. Ng5+ Nxg5 59. Kxg5
Be4 60. Bd3 1-0

[Event "Titled Tue 17th Jun Late"]
[Site "chess.com INT"]
[Date "2025.06.17"]
[Round "3"]
[White "Kosakowski, Jakub"]
[Black "Martinez Fernandez, Adrian"]
[Result "1-0"]
[WhiteTitle "GM"]
[BlackTitle "IM"]
[WhiteElo "2548"]
[BlackElo "2404"]
[WhiteFideId "1185080"]
[BlackFideId "32049048"]
[EventDate "2025.06.17"]

1. e4 c5 2. Nf3 Nc6 3. Bc4 e6 4. O-O a6 5. Re1 b5 6. Bf1 Bb7 7. c3 d5 8. exd5
Qxd5 9. d4 cxd4 10. cxd4 Bb4 11. Nc3 Bxc3 12. bxc3 Nf6 13. a4 O-O 14. Rb1 Na7
15. Ba3 Rfd8 16. axb5 axb5 17. Be7 Rdc8 18. Qd3 Ne4 19. Bb4 Nc6 20. Rbc1 Nxb4
21. cxb4 Rxc1 22. Rxc1 f6 23. h3 Ra2 24. Rc2 Ra1 25. Rc7 h5 26. Qe3 Ra2 27. Bd3
Ng5 28. Rxb7 Qxb7 29. Nxg5 fxg5 30. Qxe6+ Qf7 31. Qc8+ Qf8 32. Bh7+ Kf7 33. Qd7+
Kf6 34. Qf5+ Ke7 35. Qe5+ Kd8 36. Qd5+ Kc7 37. Qxa2 Qxb4 38. Qa7+ Kd6 39. Qb8+
Ke7 40. Qe5+ Kf8 41. Bg6 1-0

[Event "Titled Tue 17th Jun Late"]
[Site "chess.com INT"]
[Date "2025.06.17"]
[Round "3"]
[White "Vazelakis, Dimitrios"]
[Black "Harish, Neeraj"]
[Result "1-0"]
[BlackTitle "CM"]
[WhiteElo "1857"]
[BlackElo "2192"]
[WhiteFideId "4203674"]
[BlackFideId "30958130"]
[EventDate "2025.06.17"]

1. d4 d5 2. Nf3 Nf6 3. g3 c6 4. Bg2 Bf5 5. O-O h6 6. c4 e6 7. Qb3 Qc8 8. Nc3
Nbd7 9. Bf4 Be7 10. Rac1 O-O 11. cxd5 exd5 12. Nb5 Nb6 13. Nd6 Bxd6 14. Bxd6 Re8
15. Rfe1 Nc4 16. Bf4 Nh5 17. Bd2 Nxd2 18. Nxd2 Qd7 19. Nf3 Re7 20. Ne5 Qd6 21.
g4 f6 22. Nxc6 bxc6 23. gxh5 Rae8 24. e3 Be4 25. Qc3 Bxg2 26. Kxg2 Qe6 27. Qxc6
Qg4+ 28. Kf1 Qh3+ 29. Kg1 Qg4+ 30. Kf1 Qh3+ 31. Kg1 Re4 32. Qxd5+ Kh8 33. f4
Rxe3 34. Qa5 Qg4+ 35. Kh1 Qf3+ 36. Kg1 Re2 37. Rxe2 Rxe2 38. Rc8+ Kh7 39. Qf5+ 1-0

[Event "Titled Tue 17th Jun Late"]
[Site "chess.com INT"]
[Date "2025.06.17"]
[Round "3"]
[White "Sokolovsky, Yahli"]
[Black "Sroczynski, Maciej"]
[Result "1/2-1/2"]
[WhiteTitle "GM"]
[BlackTitle "FM"]
[WhiteElo "2542"]
[BlackElo "2236"]
[WhiteFideId "2820242"]
[BlackFideId "1121472"]
[EventDate "2025.06.17"]

1. b3 d6 2. Bb2 e5 3. c4 g6 4. d4 Bg7 5. d5 Ne7 6. e4 f5 7. Bd3 O-O 8. Ne2 Nd7
9. O-O Nc5 10. Nbc3 f4 11. f3 a5 12. Bc2 g5 13. a3 h5 14. b4 Na6 15. c5 g4 16.
c6 gxf3 17. gxf3 Bh3 18. cxb7 Rb8 19. Bd3 Nf5 20. exf5 Qg5+ 21. Ng3 fxg3 22. Qe2
axb4 23. Ne4 gxh2+ 24. Kxh2 Bxf1 25. Nxg5 Bxe2 26. Bxe2 bxa3 27. Bxa3 Rxb7 28.
Bxa6 Ra7 29. Be2 e4 30. Rg1 exf3 31. Bxf3 Rxa3 32. Ne6 Rxf3 33. Rxg7+ Kh8 34.
Rxc7 R8xf5 35. Rc8+ Kh7 36. Rc6 Rf7 37. Rxd6 Rf2+ 38. Kg3 Rd2 39. Ng5+ Kg7 40.
Nxf7 Kxf7 41. Kh4 Ke7 42. Re6+ Kd7 43. Re5 Kd6 44. Rxh5 Rxd5 45. Rxd5+ Kxd5 1/2-1/2

[Event "Titled Tue 17th Jun Late"]
[Site "chess.com INT"]
[Date "2025.06.17"]
[Round "3"]
[White "Fandi, Mazen"]
[Black "Willim, Michael"]
[Result "0-1"]
[WhiteTitle "FM"]
[BlackTitle "CM"]
[WhiteElo "2302"]
[BlackElo "2024"]
[WhiteFideId "7611625"]
[BlackFideId "4632435"]
[EventDate "2025.06.17"]

1. e4 e6 2. d4 d5 3. Nc3 Nf6 4. e5 Nfd7 5. f4 c5 6. Nf3 Nc6 7. Be3 Be7 8. Qd2 a6
9. Be2 b5 10. O-O b4 11. Nd1 cxd4 12. Nxd4 Nxd4 13. Bxd4 O-O 14. Nf2 a5 15. Rac1
Ba6 16. Bxa6 Rxa6 17. Nd3 Rc6 18. f5 exf5 19. Rxf5 Nc5 20. Bxc5 Bxc5+ 21. Kh1
Qd7 22. Rcf1 Ba7 23. Qe2 Qc8 24. Qf3 Qd7 25. Rh5 Rxc2 26. Nf4 Rfc8 27. Nxd5 Rc1
28. Nf4 Rxf1+ 29. Qxf1 Qg4 30. h3 Qg3 31. e6 fxe6 32. Ne2 Qe3 33. Rxa5 Bb6 34.
Rb5 Rc2 35. Rxb6 Qxb6 36. Nf4 Qe3 37. Nd3 Rd2 38. Nc5 Qe2 39. Qf4 Qxg2# 0-1

[Event "Titled Tue 17th Jun Late"]
[Site "chess.com INT"]
[Date "2025.06.17"]
[Round "3"]
[White "Venkatesh, Narayan"]
[Black "Mata Gonzalez, Jose Fernando"]
[Result "0-1"]
[WhiteTitle "FM"]
[BlackTitle "CM"]
[WhiteElo "2168"]
[BlackElo "2164"]
[WhiteFideId "30987881"]
[BlackFideId "5107423"]
[EventDate "2025.06.17"]

1. Nf3 e6 2. g3 d5 3. Bg2 Nf6 4. O-O Be7 5. c4 O-O 6. cxd5 exd5 7. d3 c5 8. Qc2
Nc6 9. a3 b5 10. Nbd2 Bb7 11. e4 Rc8 12. Re1 a6 13. Nf1 Re8 14. e5 Nd7 15. h4
Nf8 16. h5 h6 17. Ne3 Nd4 18. Qd1 Nfe6 19. Bd2 Nxf3+ 20. Bxf3 Bg5 21. Nf5 Be7
22. Qc1 Bf8 23. Bg2 Qb6 24. g4 d4 25. g5 hxg5 26. Bxg5 Bxg2 27. Kxg2 c4 28. Rg1
cxd3 29. Qd2 Rc2 30. Qxd3 Qc6+ 31. Kh3 Rxf2 32. Nh6+ gxh6 33. Bf6+ Ng5+ 34.
Rxg5+ hxg5 35. Rg1 Rf3+ 36. Kh2 Rxd3 37. Rxg5+ Kh7 38. h6 Qc2+ 39. Rg2 Qxg2+ 40.
Kxg2 Bxh6 41. Kf2 Rg8 42. Ke1 Rg2 43. Kf1 Rxb2 44. Bh4 Rd1+ 45. Be1 Rxe1+ 46.
Kxe1 d3 47. Kd1 d2 48. Ke2 Rb1 49. Kd3 d1=Q+ 50. Ke4 Qe2+ 51. Kf5 Qf3# 0-1

[Event "Titled Tue 17th Jun Late"]
[Site "chess.com INT"]
[Date "2025.06.17"]
[Round "3"]
[White "Orlov, Georgi"]
[Black "Alothman , Ali Layth Ahmed"]
[Result "1-0"]
[WhiteTitle "IM"]
[BlackTitle "FM"]
[WhiteElo "2438"]
[BlackElo "2179"]
[WhiteFideId "2011271"]
[BlackFideId "4801920"]
[EventDate "2025.06.17"]

1. d4 Nf6 2. Nf3 e6 3. c4 Bb4+ 4. Nc3 b6 5. Qb3 Bxc3+ 6. Qxc3 Bb7 7. Bg5 d6 8.
Nd2 h6 9. Bh4 Nbd7 10. f3 Qe7 11. Bf2 c5 12. e4 e5 13. dxe5 dxe5 14. Be2 O-O 15.
Nf1 Nb8 16. Ne3 Nc6 17. Nf5 Qe6 18. g4 Nd4 19. Bd1 Nxe4 20. fxe4 Bxe4 21. Rg1
Nxf5 22. gxf5 Qxf5 23. Qg3 g6 24. Be3 Rfd8 25. Rf1 Qe6 26. Qh4 Qxc4 27. a3 Rd6
28. Rc1 Qd3 29. Bxh6 Rad8 30. Be2 Qd4 31. Qf2 Qd5 32. Bg5 R8d7 33. Qe3 Bf5 34.
Rd1 Qb3 35. Qxb3 c4 36. Rxd6 1-0